| 000 | 00772nam a22001817i 4500 | ||
|---|---|---|---|
| 999 |
_c23180 _d23180 |
||
| 003 | AR-CdUCM | ||
| 008 | 250122b20242024 pe||||| |||| 00| 0 spa d | ||
| 040 |
_aMUNICIPALIDAD PROVINCIAL DEL CUSCO _cBIBLIOTECA MUNICIPAL DEL CUSCO |
||
| 041 | _hspa | ||
| 082 |
_a985.613 / M95Q _bM95Q |
||
| 100 |
_aMunicipalidad Distrital de Ollantaytambo _950939 |
||
| 245 |
_aQosqo Ayllu : _bEdición Sesquicentenario (CL) de la Creación Política del Distrito de Ollantaytambo / |
||
| 260 |
_aOllantaytambo-Cusco : _bMunicipalidad Distrital de Ollantaytambo _c2024 |
||
| 300 |
_a74 páginas. : _c24x18 cm. |
||
| 505 | _aLos ayllus prehispánicos y el origen del Qosqo Ayllu -- Qosqo Ayllu en la miradada de los viajeros del siglo XIX | ||
| 942 |
_2ddc _cLIBROS |
||
| 945 |
_apbjr _d22-01-2025 |
||